000 00517nab a2200145Ia 4500
003 ES-SlBCS
005 20210601125242.0
008 140529s1980 xxu||||| |||| 00| 0 eng d
041 _aeng
100 1 _aHinman, Lawrence M.
_950219
245 0 0 _aQuid Facti or Quid Juris: The Fundamental Ambiguity of Gadamer's Understanding of Hermeneutics
_c Lawrence M. Hinman
600 0 4 _aGadamer-Hermenéutica
_9131747
773 0 _tPhilosophy and Phenomenological Research
_gvol. 40, 1980, págs. 512-535
_wRev1411
942 _cAR
999 _c527264
_d527264